Poblaciones de aves en un bosque relictual en el Valle del río Cauca, cerca a Jamundí Valle, Colombia (Registro nro. 15050)
[ vista simple ]
| 000 -CABECERA | |
|---|---|
| Campo de control | 005420000a22001570004500 |
| 090 ## - CLASIFICACIÓN LOCAL | |
| Colección | AS |
| Consecutivo | Seriadas |
| 041 0# - IDIOMA | |
| Código de idioma para texto/pista de sonido o título separado | |
| 100 1# - ASIENTO PRINCIPAL--NOMBRE PERSONAL | |
| Nombre personal | Orejuela Gartner, Jorge E. |
| 245 10 - MENCION DE TITULO | |
| Título | Poblaciones de aves en un bosque relictual en el Valle del río Cauca, cerca a Jamundí Valle, Colombia |
| 700 1# - ASIENTO SECUNDARIO - NOMBRE PERSONAL | |
| Nombre personal | Raitt, Ralph J. |
| 700 1# - ASIENTO SECUNDARIO - NOMBRE PERSONAL | |
| Nombre personal | Alvarez López, Humberto |
| 700 1# - ASIENTO SECUNDARIO - NOMBRE PERSONAL | |
| Nombre personal | Benalcázar, César |
| 700 1# - ASIENTO SECUNDARIO - NOMBRE PERSONAL | |
| Nombre personal | Silva de Benalcázar, Fabiola |
| 773 1# - Item fuente: | |
| Título | Cespedesia |
| Especificación de materiales | 124 |
| Descripción física | 29-30 |
| Paginas del Articulo | 29-42 |
| Lugar, editorial y fecha de publicación | 1979 |
| Información sobre la relación | 8 |
| 942 ## - ELEMENTOS ADICIONALES (KOHA) | |
| Tipo de ítem | Artículo |
No hay ítems disponibles.